000
00221 a2200097 4500
001
2735
100
_a
Abbott, P
245
_a
National certificate mathematics
260
_a
_b
English Universities
_c
090
_c
2031
_d
2031
942
_a
NUST-CAE
_c
M
_c
11459
999
_c
237808
_d
237808